00917pam a2200289 a 4500001000500000005001700005020001800022040002300040050002500063082001500088100002000103245009700123250003300220260004000253300004700293490001900340500002700359505000800386520005200394521002000446521002000466650003200486650003300518650002300551650002100574700003200595166720231122151955.0 a9780688115692 aDLCcDLCdDLCbeng00aPS3566.R36bT97 198800a811.542191 aPrelutsky, Jack10aTyrannosaurus was a beast /cdinosaur poems by Jack Prelutsky ; illustrated by Arnold Lobel. aFirst Mulberry Edition, 1992 aNew York :bGreenwillow Booksc1988 a31 pages : bcolor illustrations ;c21 cm  aMulberry books aIll. on lining papers. aK  aA collection of humorous poems about dinosaurs. a510 bLexile  aK bRaz-Plus  0aDinosaursxJuvenile poetry. 0aChildren's poetry, American. 1aDinosaursxPoetry. 1aAmerican poetry.1 aLobel, Arnoldeillustrator